Goldsmiths College-UG prospectus (Record no. 195043)
[ view plain ]
| 000 -LEADER | |
|---|---|
| fixed length control field | 00614 a2200157 4500 |
| 003 - CONTROL NUMBER IDENTIFIER | |
| control field | Nust |
| 005 - DATE AND TIME OF LATEST TRANSACTION | |
| control field | 20170207154215.0 |
| 040 ## - CATALOGING SOURCE | |
| Transcribing agency | Nust |
| 082 ## - DEWEY DECIMAL CLASSIFICATION NUMBER | |
| Classification number | 378.4 |
| 245 ## - TITLE STATEMENT | |
| Title | Goldsmiths College-UG prospectus |
| Statement of responsibility, etc. | University of London |
| 260 ## - PUBLICATION, DISTRIBUTION, ETC. | |
| Place of publication, distribution, etc. | London |
| Name of publisher, distributor, etc. | University of London |
| Date of publication, distribution, etc. | 2000 |
| 300 ## - PHYSICAL DESCRIPTION | |
| Extent | 150 p. |
| 505 ## - FORMATTED CONTENTS NOTE | |
| Formatted contents note | What is Goldsmiths (Page-4) What Can I Study (Page-34) How do I Apply (Page-138) Where Will I Live (Page-157) Where Will I Study (Page-161) What Support is there (Page-165) What Else Can I do (Page-168) Finding your Way Around (Page-171) |
| 538 ## - SYSTEM DETAILS NOTE | |
| System details note | Almirah No. 117 shelf No. 2 |
| 650 ## - SUBJECT ADDED ENTRY--TOPICAL TERM | |
| Topical term or geographic name entry element | UG prospectus |
| 942 ## - ADDED ENTRY ELEMENTS (KOHA) | |
| Source of classification or shelving scheme | |
| Koha item type | Book |
| Withdrawn status | Lost status | Source of classification or shelving scheme | Damaged status | Not for loan | Collection code | Permanent Location | Current Location | Date acquired | Total Checkouts | Full call number | Barcode | Date last seen | Price effective from | Koha item type |
|---|---|---|---|---|---|---|---|---|---|---|---|---|---|---|
| Military College of Signals (MCS) | Military College of Signals (MCS) | 12/12/2016 | 378.4 GOL | MCSPS-44 | 12/08/2016 | 12/12/2016 | Book |
